Equipe Type LOSC saison 2025/2026 - Statistiques

Statistiques générales
  • Ce quiz a été pris 90 fois
    15 depuis la dernière actualisation
  • Le résultat moyen est 9 sur 11
Statistiques - réponses
% Correct
Benjamin André
91%
Berke Özer
91%
Hákon Haraldsson
91%
Hamza Igamane
91%
Nathan Ngoy
91%
Thomas Meunier
91%
Ayyoub Bouaddi
82%
Alexsandro
73%
Félix Correia
73%
Osame Sahraoui
73%
Romain Perraud
73%
Aucun quiz correspondant
Distribution des résultats
% des personnes avec chaque résultat
Percentile par nombre de réponses
Votre historique - résultats
Vous n’avez pas pris ce quiz depuis la dernière actualisation